000 00597nam a2200193 i 4500
001 47703
003 ES-MaACL
005 20250804105437.0
007 t|
008 030520s2002 sp ||||1| spa d
080 _a946.0"1936/39"
100 1 _aEspañol Bouché, Luis,
_d1964-
_947768
245 1 0 _aMadrid 1939, final de la guerra /
_cLuis Español Bouché.
260 _aMadrid :
_bLuis Español Bouché,
_c2002.
300 _a138 p. ;
_c30 cm.
651 4 _aEspaña-
_xHistoria-
_y1936-1939, Guerra civil.
_98292
852 _aES-MaACL
_jL-26300
_bR.132238
999 _c47703
_d47703